000 00529nam a2200169 4500
001 139794
003 ES-MaACL
005 20230906195917.0
007 t|
008 070214s1948 sp r ||||1| spa d
100 1 _aSchindler, Rudolf.
_9104377
245 1 0 _aGastritis /
_cpor Rudolf Schindler ; traducido del inglés por el Dr. J. Guijosa Pernús.
260 _aMadrid :
_bEspasa-Calpe,
_c1948.
300 _a494 p., II, 40 lám. ;
_c24 cm.
700 1 _aGuijosa Pernús, Juan.
_960682
852 _aES-MaACL
_jF-5166
_bR.26831
999 _c139794
_d139794